00632nam a2200193 i 450000100060000000300090000600500170001500700030003200800410003510000310007624500760010725000130018326000280019630000340022470000220025885200210028099900170030195201200031850744ES-MaACL20230906162230.0t|030806s1927 fr ||||1| fre d1 aChaliapine, Fiodor.93781710aPages de ma vie / cFiodor Chaliapine ; traduit du russe par H. Pernot. a3eme ed. aParis : bPlon, c1927. a256 p. : b1 retr. ; c19 cm.1 aPernot, H.991306 aES-MaACLjA-2115 c50744d50744 00104070aATENEOMbATENEOMcSPP1d2008-01-17eSCl0oA-2115p1053372r2023-02-23 00:00:00w2023-02-23yMONOGRAFIA